| 000 | | | 05064nmc2a22003493x 450 |
| 001 | | | a14102fc-e3f6-4984-8544-a3dff0f0d98d |
| 005 | | | 20260131054156.0 |
| 100 | ## | $a | 20251127l19351937k y0rusy50 ca |
| 101 | 0# | $a | rus |
| | $a | mul |
| 102 | ## | $a | RU |
| 105 | ## | $a | a z ||||| |
| 122 | 2# | $a | d19350529 |
| | $a | d19370404 |
| 200 | 1# | $a | Докладная записка о нарушении права женщин националок |
| | $j | 29.05.1935 - 04.04.1937 |
| 215 | ## | $a | 259 листов |
| | $c | табл. |
| | $d | 33,3 х 22,2 |
| 251 | ## | $c | Дело |
| 300 | ## | $a | Заголовок дела на папке: Докладные записки о нарушении прав женщин националок |
| 300 | ## | $a | Листы: 67, 240, 246-255, 258-260 - вырезка из газеты |
| 300 | ## | $a | В деле имеются телеграммы |
| 300 | ## | $a | Часть текста на языках народов СССР |
| 300 | ## | $a | Часть текста машинописная и рукописная, часть - напечатана типографским способом |
| 324 | ## | $a | В деле имеются копии отдельных документов |
| 330 | ## | $a | Входит в раздел описи: Совет Национальностей |
| 461 | #0 | $1 | 001796d4672-8a00-4986-b488-6e42273792cc |
| | $1 | 2001 |
| | $a | ЦЕНТРАЛЬНЫЙ ИСПОЛНИТЕЛЬНЫЙ КОМИТЕТ СССР (ЦИК СССР). |
| | $1 | 251 |
| | $c | Фонд |
| | $1 | 852 |
| | $g | Р |
| | $j | 3316 |
| 462 | #0 | $1 | 001b2b03070-aa26-4135-b154-6f52ec7c8bcd |
| | $1 | 2001 |
| | $a | Дела Секретариата Президиума ЦИК Союза ССР за 1935 год |
| | $v | Д. 809 |
| | $1 | 251 |
| | $c | Опись |
| | $1 | 852 |
| | $j | 28 |
| 517 | 1# | $a | Докладные записки о нарушении прав женщин националок |
| 605 | ## | $3 | DITM\AF\0000002775 |
| | $a | Власть |
| | $l | коллекция |
| | $2 | acquisition_prlib |
| 610 | 1# | $a | Докладные записки |
| | $a | Женщины-националки |
| | $a | Нарушения прав |
| 686 | ## | $a | 67.401.011.12ю1 |
| | $c | Право |
| | $2 | rubbk |
| 686 | ## | $a | 63.3(2)614-332ю1 |
| | $c | История |
| | $2 | rubbk |
| 801 | #0 | $a | RU |
| | $b | GA_RF |
| 801 | #1 | $a | RU |
| | $b | ГлавНИВЦ |
| | $c | 20251127 |
| | $2 | rusmarc |
| 801 | #2 | $a | RU |
| | $b | ПБ им. Б.Н. Ельцина |
| | $c | 20260131 |
| | $g | RCR |
| | $2 | rusmarc |
| 852 | ## | $a | ГА РФ |
| | $j | 809 |
| 937 | ## | $d | 200291544 |
| | $h | ГАРФ |
| 035 | ## | $a | RuPRLIB51082378 |
| 856 | ## | $u | http://readingroom.main.prlib.ru/item.aspx?id_node=n200291544&mode=full |